| 000 | 00542nam a2200205Ia 4500 | ||
|---|---|---|---|
| 003 | GCL | ||
| 005 | 20240530100818.0 | ||
| 008 | 140319s9999 xx 000 0 eng d | ||
| 040 |
_aGCL / _cGCL |
||
| 082 | 0 | 4 |
_a194 _bT M |
| 100 | 1 | _aTWEYMAN, STANLEY | |
| 245 | 1 | 0 |
_aMEDITATIONS ON FIRST PHILOSOPHY IN FOCUS / _cTWEYMAN, STANLEY |
| 260 |
_a[S.N] : _bROUTLEDGE ، _c1993 |
||
| 300 | _a222 P | ||
| 650 | 0 | 4 | _aMETHODOLOGY |
| 650 | 0 | 4 | _aPHILOSOPHY |
| 650 | 0 | 4 | _aDESCARTES, RENE(1596 - 1650) |
| 650 | 0 | 4 | _aKNOWLEDGE THEORY |
| 942 |
_2ddc _cBK |
||
| 999 |
_c21227 _d21227 |
||